| 000 | 00000nam##2200000za#4500 |
| 001 | 9.546176 |
| 003 | CaOODSP |
| 005 | 20210615091435 |
| 007 | ta |
| 008 | 150406|2008||||xxc||||| f|0| 0 eng|d |
| 020 | |a978-0-662-05867-0 |
| 040 | |aCaOODSP|beng |
| 041 | |aeng |
| 041 | |afre |
| 043 | |an-cn--- |
| 086 | 1 |aHS23-1/1-2008 |
| 110 | 1 |aCanada.|bHuman Resources and Social Development Canada. |bLabour Program. |
| 245 | 10|aSummary |
| 260 | |aGatineau - Quebec : |bHuman Resources and Social Development Canada. |cc2008. |
| 300 | |aEnglish text, 6p. ; |c28 cm. |
| 490 | 1 |aInformation on occupational health and safety |v1 |
| 563 | |aSoftcover |
| 590 | |a08-38|b2008-09-19 |
| 690 | 07|aOccupational health|2gcpds |
| 776 | 0#|tSummary |w(CaOODSP)9.564289 |
| 776 | 0#|tSommaire |w(CaOODSP)9.596065 |
| 792 | |tSommaire |efre|w(CaOODSP)9.546177 |
| 830 | #0|aInformation on occupational health and safety ;|v1|w(CaOODSP)9.511052 |
| 986 | |aLT-093-07-08 |